| 000 | 00384nam a2200145Ia 4500 | ||
|---|---|---|---|
| 005 | 20250729165754.0 | ||
| 008 | 250729s2013 xx 000 0 und d | ||
| 041 | _aeng | ||
| 082 | _a500 KARM | ||
| 100 |
_aKarnataka Government _9232621 |
||
| 245 | _aMathematics - 8th Std | ||
| 260 |
_aBangalore _bKarnataka Text Book Socity _c2013 |
||
| 300 | _a345p | ||
| 650 |
_aMathematics _9232622 |
||
| 999 |
_c239874 _d239874 |
||